| 000 | 00712nam a2200229 i 4500 | ||
|---|---|---|---|
| 001 | 69923 | ||
| 003 | ES-MaACL | ||
| 005 | 20230906170649.0 | ||
| 007 | t| | ||
| 008 | 040713s1985 sp ||||1| spa d | ||
| 020 | _a84-85887-85-9 | ||
| 100 | 1 |
_aGarcía Luengo, Eusebio. _954865 |
|
| 245 | 1 | 0 |
_aNo sé / _cEusebio García Luengo ; prólogo de Carlos Gurméndez. |
| 250 | _a1ª ed. | ||
| 260 |
_aBarcelona : _bAnthropos, _c1985. |
||
| 300 |
_a246 p. ; _c20 cm. |
||
| 490 | 1 |
_aMemoria rota. Exilios y heterodoxias ; _v4 |
|
| 700 | 1 |
_aGurméndez, Carlos ( _d1917-1997) _960986 |
|
| 830 | 0 |
_aMemoria rota. Exilios y heterodoxias ; _v4 _9177283 |
|
| 852 |
_aES-MaACL _jL-10117 _bR.110653 |
||
| 999 |
_c69923 _d69923 |
||